|
|
|
|
| LEADER |
01622nam a2200409 i 4500 |
| 001 |
EBC5495471 |
| 003 |
MiAaPQ |
| 005 |
20200215075520.0 |
| 006 |
m o d | |
| 007 |
cr cnu|||||||| |
| 008 |
200215s2018 enk o 000 0 eng d |
| 020 |
|
|
|z 9781783744299
|
| 020 |
|
|
|a 9781783744305 (e-book)
|
| 035 |
|
|
|a (MiAaPQ)EBC5495471
|
| 035 |
|
|
|a (Au-PeEL)EBL5495471
|
| 035 |
|
|
|a (OCoLC)1053697578
|
| 040 |
|
|
|a MiAaPQ
|b eng
|e rda
|e pn
|c MiAaPQ
|d MiAaPQ
|
| 050 |
|
4 |
|a QH75
|b .W438 2018
|
| 082 |
0 |
|
|a 333.9516
|2 23
|
| 245 |
0 |
0 |
|a What works in conservation :
|b 2018 /
|c edited by William J. Sutherland [and four others].
|
| 264 |
|
1 |
|a Cambridge, UK :
|b Open Book Publishers,
|c [2018]
|
| 264 |
|
4 |
|c 2018
|
| 300 |
|
|
|a 1 online resource (662 pages)
|
| 336 |
|
|
|a text
|b txt
|2 rdacontent
|
| 337 |
|
|
|a computer
|b c
|2 rdamedia
|
| 338 |
|
|
|a online resource
|b cr
|2 rdacarrier
|
| 588 |
|
|
|a Description based on print version record.
|
| 590 |
|
|
|a Electronic reproduction. Ann Arbor, MI : ProQuest, 2018. Available via World Wide Web. Access may be limited to ProQuest affiliated libraries.
|
| 650 |
|
0 |
|a Biodiversity conservation.
|
| 650 |
|
0 |
|a Biodiversity conservation
|x Management.
|
| 650 |
|
0 |
|a Habitat conservation.
|
| 650 |
|
0 |
|a Habitat conservation
|x Management.
|
| 655 |
|
4 |
|a Electronic books.
|
| 700 |
1 |
|
|a Sutherland, William J.,
|e editor.
|
| 776 |
0 |
8 |
|i Print version:
|t What works in conservation : 2018.
|d Cambridge, UK : Open Book Publishers, c2018
|h 662 pages
|z 9781783744299
|
| 797 |
2 |
|
|a ProQuest (Firm)
|
| 856 |
4 |
0 |
|u https://ebookcentral.proquest.com/lib/matrademy/detail.action?docID=5495471
|z Click to View
|